[Event "FIDE Online Olympiad"]
[Site "Chess.com"]
[Date "2020.08.02"]
[EventDate "2020.07.31"]
[Round "9"]
[Result "0-1"]
[White "Mohamad Firdaus Erfan"]
[Black "Wilton Inacio Calicoca"]
[WhiteElo "1241"]
[BlackElo "2122"]
[PlyCount "48"]

1. e4 e5 2. Nf3 Nc6 3. Bc4 Be7 4. Be6 fxe6 5. O-O Nf6 6. Re1
O-O 7. Rf1 d5 8. exd5 exd5 9. d3 Bg4 10. Nbd2 Bd6 11. Qe1 Qe7
12. c3 Rae8 13. c4 e4 14. cxd5 exf3 15. Qxe7 Nxe7 16. gxf3 Bh3
17. Rd1 Nexd5 18. Ne4 Nxe4 19. dxe4 Nf4 20. Bxf4 Rxf4 21. Rd3
Re6 22. Re3 Rg6+ 23. Kh1 Bc5 24. Rc3 Bxf2 0-1

[Event "FIDE Online Olympiad"]
[Site "Chess.com"]
[Date "2020.08.02"]
[EventDate "2020.07.31"]
[Round "7"]
[Result "0-1"]
[White "Ahmed Taleb Mohamed"]
[Black "Petros Mfune"]
[WhiteElo "1978"]
[BlackElo "2025"]
[PlyCount "68"]

1. e4 d5 2. exd5 Nf6 3. Bb5+ Nbd7 4. d4 Nxd5 5. Nf3 c6 6. Bd3
N7f6 7. h3 g6 8. a3 Bg7 9. c4 Nb6 10. Nc3 O-O 11. O-O Re8
12. Re1 a5 13. Bg5 a4 14. c5 Nbd5 15. Nxa4 Qa5 16. Bc2 Qc7
17. Ne5 Be6 18. Qd2 Nh5 19. Bh6 Rad8 20. Bxg7 Kxg7 21. Nc3
Nhf4 22. Nxd5 Nxd5 23. Rad1 Bc8 24. b4 f6 25. Nf3 Qf4 26. Qxf4
Nxf4 27. Bb3 g5 28. a4 h5 29. Nh2 Bf5 30. f3 Nd3 31. Re3 Nxb4
32. g4 Bg6 33. Kf2 h4 34. Nf1 Bc2 0-1

[Event "FIDE Online Olympiad"]
[Site "Chess.com"]
[Date "2020.08.02"]
[EventDate "2020.07.31"]
[Round "7"]
[Result "0-1"]
[White "Tokelo Klaas"]
[Black "Fadi Eid"]
[WhiteElo "1857"]
[BlackElo "2337"]
[PlyCount "144"]

1. d4 Nf6 2. Nf3 g6 3. e3 Bg7 4. Be2 O-O 5. O-O d6 6. Nbd2 Nc6
7. c3 e5 8. dxe5 Nxe5 9. Nxe5 dxe5 10. Qc2 Qe7 11. e4 Be6
12. Nc4 Nd7 13. Ne3 Rfd8 14. b3 a5 15. a4 Bf8 16. Ba3 Qe8
17. Bxf8 Qxf8 18. Rad1 Nb6 19. Rxd8 Rxd8 20. Rd1 h5 21. Bf3 c6
22. Be2 Qe7 23. Rxd8+ Qxd8 24. Qd1 Qxd1+ 25. Bxd1 Nd7 26. Bc2
Kf8 27. Kf1 Ke7 28. Ke2 Kd6 29. Kd2 b5 30. Kc1 Kc5 31. Kb2 Nb6
32. h4 f6 33. g3 Kd6 34. Bd1 bxa4 35. bxa4 Nc4+ 36. Nxc4+ Bxc4
37. Bc2 Be2 38. Ka3 Bc4 39. Kb2 Bf1 40. Ka3 Bh3 41. Kb3 Kc5
42. Bd3 Be6+ 43. Kb2 f5 44. exf5 gxf5 45. Be2 Bf7 46. Kc2 Kd5
47. Bf3+ e4 48. Be2 Ke5 49. Kb2 f4 50. Ba6 e3 51. gxf4+ Kxf4
52. fxe3+ Kxe3 53. Bb7 c5 54. Kc2 Bc4 55. Bc6 Kf4 56. Kd2 Kg4
57. Ke3 Kxh4 58. Kf2 Kg4 59. Bf3+ Kg5 60. Bc6 Kf4 61. Bf3 h4
62. Bc6 Bd3 63. Bd7 Bf5 64. Bc6 h3 65. Kg1 Kg3 66. Bd5 Bg4
67. Bc6 Bf3 68. Bxf3 Kxf3 69. Kh2 Ke3 70. Kxh3 Kd3 71. Kg3
Kxc3 72. Kf3 Kd2 0-1

[Event "FIDE Online Olympiad"]
[Site "Chess.com"]
[Date "2020.08.02"]
[EventDate "2020.07.31"]
[Round "7"]
[Result "0-1"]
[White "Maboloko Leboela"]
[Black "Elena Nekrasova"]
[WhiteElo "1296"]
[BlackElo "1920"]
[PlyCount "122"]

1. d4 d5 2. c4 e6 3. g3 Nf6 4. Nf3 c6 5. Bg2 Be7 6. O-O O-O
7. a3 Nbd7 8. c5 b6 9. b4 a5 10. Bb2 Bb7 11. Nbd2 Re8 12. Re1
Bf8 13. e4 dxe4 14. Nxe4 Nxe4 15. Rxe4 Nf6 16. Rh4 Nd5 17. Qd3
g6 18. Ne5 Qe7 19. Be4 axb4 20. axb4 b5 21. Rxa8 Rxa8 22. Bc3
Ra3 23. Bxd5 exd5 24. Qc2 f6 25. Nxg6 hxg6 26. Qxg6+ Qg7
27. Qf5 Qf7 28. Rg4+ Bg7 29. Bd2 Kf8 30. Qh7 Qg8 31. Qf5 Qf7
32. h4 Ra8 33. h5 Bc8 34. Qg6 Bxg4 35. Qxg4 f5 36. Qf4 Qe6
37. h6 Bh8 38. Kg2 Qe4+ 39. Qxe4 dxe4 40. Be3 Rd8 41. h7 Rd7
42. d5 cxd5 43. c6 Rxh7 44. Bb6 Be5 45. f4 Bc7 46. Bc5+ Ke8
47. Kf2 Rh6 48. Ke3 Kf7 49. Kd4 Ke6 50. Bf8 Bb6+ 51. Kc3 Rh3
52. Bc5 Bxc5 53. bxc5 Rxg3+ 54. Kb4 Ke7 55. Kxb5 Kd8 56. Kb6
Kc8 57. c7 e3 58. Kc6 e2 59. Kxd5 e1=Q 60. Kd6 Rd3+ 61. Kc6
Qe4+ 0-1

[Event "FIDE Online Olympiad"]
[Site "Chess.com"]
[Date "2020.08.02"]
[EventDate "2020.07.31"]
[Round "7"]
[Result "0-1"]
[White "Lebajoa Tsephe"]
[Black "Samer Salman"]
[WhiteElo "1698"]
[BlackElo "1735"]
[PlyCount "70"]

1. Nf3 Nf6 2. g3 g6 3. Bg2 Bg7 4. O-O O-O 5. d3 d6 6. c4 e5
7. Nc3 Nc6 8. Rb1 a5 9. a3 Nd4 10. b4 axb4 11. axb4 h6 12. Be3
Nh7 13. Qd2 Nf5 14. Rfc1 Nxe3 15. Qxe3 f5 16. Nh4 Qe8 17. Nb5
g5 18. Nxc7 Qh5 19. Bf3 g4 20. Bd5+ Kh8 21. Nxa8 Ng5 22. Bg2
f4 23. Qb6 fxg3 24. fxg3 Nh3+ 25. Bxh3 gxh3 26. Qxd6 Qxe2
27. Ng6+ Kg8 28. Qd5+ Rf7 29. Rf1 Be6 30. Qe4 Qa2 31. Rxf7
Bxf7 32. Rf1 Bxg6 33. Qd5+ Kh7 34. Nc7 e4 35. Ne6 Qg2# 0-1

[Event "FIDE Online Olympiad"]
[Site "Chess.com"]
[Date "2020.08.02"]
[EventDate "2020.07.31"]
[Round "7"]
[Result "0-1"]
[White "Nour Assoum"]
[Black "Phera Malillo"]
[WhiteElo "1400"]
[BlackElo "1301"]
[PlyCount "106"]

1. e4 e5 2. d4 exd4 3. Bc4 d6 4. c3 Nf6 5. Qb3 Qe7 6. Ne2 Nxe4
7. cxd4 g6 8. O-O Bg7 9. Re1 Nf6 10. Bd2 O-O 11. Nf4 Qd8
12. Nc3 Nbd7 13. Nfd5 Nxd5 14. Nxd5 c6 15. Nf4 d5 16. Be2 Nb6
17. Qb4 Bf5 18. a4 a5 19. Qc5 Nd7 20. Qa3 Qb6 21. Rac1 Qxd4
22. Red1 Qxb2 23. Qg3 Rfe8 24. Bd3 Bxd3 25. Nxd3 Qf6 26. Bg5
Qf5 27. h3 Ne5 28. Nc5 b6 29. Nb7 Qd7 30. Re1 Qxb7 31. Bf4 Nc4
32. Rxe8+ Rxe8 33. Qf3 Qd7 34. Rd1 Qf5 35. Qg3 Re2 36. Kh2 Be5
37. Bxe5 Qxe5 38. f4 Qb2 39. Rg1 Ne3 40. Qg5 Kg7 41. h4 d4
42. h5 h6 43. Qe5+ Kf8 44. hxg6 fxg6 45. Qf6+ Ke8 46. Qxg6+
Kd7 47. Qf7+ Kd6 48. Qg6+ Kc5 49. Qh5+ Kc4 50. Qf7+ Kc3
51. Qf6 Rxg2+ 52. Kh3 Rh2+ 53. Kg3 Qf2# 0-1

[Event "FIDE Online Olympiad"]
[Site "Chess.com"]
[Date "2020.08.02"]
[EventDate "2020.07.31"]
[Round "7"]
[Result "0-1"]
[White "Oladapo Oluto Adu"]
[Black "Omar Eltigani"]
[WhiteElo "2327"]
[BlackElo "2283"]
[PlyCount "100"]

1. c4 c6 2. Nf3 Nf6 3. d4 d5 4. Nc3 e6 5. Qb3 Bd6 6. Bg5 Nbd7
7. e3 h6 8. Bh4 a6 9. a4 Qa5 10. Be2 Ne4 11. O-O Ndf6 12. Rfd1
Nxc3 13. bxc3 Ne4 14. Rac1 g5 15. Bg3 Bxg3 16. hxg3 h5 17. Bd3
h4 18. gxh4 gxh4 19. Qc2 f5 20. Ne5 Qc7 21. Bxe4 fxe4 22. f3
Qh7 23. fxe4 dxe4 24. Rf1 h3 25. g3 h2+ 26. Kh1 Qg7 27. g4 Bd7
28. Rb1 b5 29. cxb5 axb5 30. axb5 cxb5 31. Qxe4 Rc8 32. Nxd7
Qxd7 33. Rf6 Ke7 34. Rbf1 Qd5 35. Qxd5 exd5 36. Rf7+ Ke8
37. Rb7 Rh3 38. Kg2 Rh4 39. Rh1 Rxc3 40. Kg3 Rh6 41. Kf4 Rf6+
42. Ke5 Rg6 43. Rxh2 Rxe3+ 44. Kf5 Rg8 45. Rhh7 Rf3+ 46. Ke5
Rg5+ 47. Kd6 Rg6+ 48. Kc5 Rc3+ 49. Kxd5 Rg5+ 50. Ke6 Rc6# 0-1

[Event "FIDE Online Olympiad"]
[Site "Chess.com"]
[Date "2020.08.02"]
[EventDate "2020.07.31"]
[Round "7"]
[Result "0-1"]
[White "Mohammed Ibtihal"]
[Black "Perpetual Eloho Ogbiyoyo"]
[WhiteElo "1410"]
[BlackElo "1733"]
[PlyCount "60"]

1. e4 e5 2. c3 d5 3. exd5 Qxd5 4. Nf3 Nc6 5. Na3 Bxa3 6. bxa3
Bg4 7. Be2 Nf6 8. O-O O-O 9. Re1 Rfe8 10. Qb3 Qxb3 11. axb3 e4
12. Ng5 Bxe2 13. Rxe2 h6 14. Nh3 Rad8 15. Bb2 Ne5 16. Rae1 Nd3
17. Rb1 g5 18. Kf1 g4 19. Ng1 Nh5 20. g3 f5 21. c4 f4 22. Bc3
Rd7 23. h3 gxh3 24. Nxh3 fxg3 25. fxg3 Nxg3+ 26. Kg2 Nxe2
27. Kh2 Nxc3 28. dxc3 e3 29. Rg1+ Kh7 30. Rg4 e2 0-1

[Event "FIDE Online Olympiad"]
[Site "Chess.com"]
[Date "2020.08.02"]
[EventDate "2020.07.31"]
[Round "7"]
[Result "0-1"]
[White "Ansi Amin Al"]
[Black "Sikhanyiso Sihlongonyane"]
[WhiteElo "1887"]
[BlackElo "1646"]
[PlyCount "134"]

1. e4 c5 2. b3 Nc6 3. Bb2 Nf6 4. Nc3 g6 5. Nd5 Bg7 6. Nxf6+
exf6 7. Nf3 O-O 8. Be2 d5 9. exd5 Qxd5 10. O-O a6 11. Re1 b5
12. h3 Bb7 13. c4 bxc4 14. Bxc4 Qd6 15. Bc3 Rad8 16. Qc1 Nb4
17. Qd1 Bxf3 18. Qxf3 Nc2 19. Rac1 Nxe1 20. Rxe1 Rde8 21. Rc1
Re7 22. g3 Rfe8 23. Kf1 Qd7 24. g4 f5 25. Bxg7 Kxg7 26. gxf5
Qxf5 27. Qxf5 gxf5 28. a4 Rd8 29. Bxa6 Re5 30. Rc2 Kg6 31. Bc4
Ra8 32. Ra2 Ra5 33. d4 cxd4 34. b4 Ra8 35. a5 Rc8 36. Be2 Rd5
37. Bf3 Rb5 38. a6 Rxb4 39. a7 Rb3 40. a8=Q Rxa8 41. Bxa8 d3
42. Rd2 f6 43. Kg2 Kg5 44. Bd5 Rc3 45. Bb7 Ra3 46. Bc6 Rb3
47. Bd7 Kf4 48. Be6 Rc3 49. Bg8 h5 50. Bf7 h4 51. Be8 Rb3
52. Bd7 Ke4 53. Bc8 f4 54. Be6 Rc3 55. Bg8 Rc2 56. Bh7+ f5
57. Rd1 f3+ 58. Kf1 d2 59. Rxd2 Rxd2 60. Kg1 Rd1+ 61. Kh2 Rf1
62. Bxf5+ Kf4 63. Bd3 Rxf2+ 64. Kg1 Kg3 65. Bf5 Rg2+ 66. Kf1
f2 67. Ke2 Rg1 0-1

[Event "FIDE Online Olympiad"]
[Site "Chess.com"]
[Date "2020.08.02"]
[EventDate "2020.07.31"]
[Round "7"]
[Result "0-1"]
[White "Mkhonto Nosimilo"]
[Black "Wafia Al Ghafri"]
[WhiteElo "1327"]
[BlackElo "1495"]
[PlyCount "60"]

1. e4 c6 2. Nf3 d5 3. exd5 cxd5 4. d3 Bg4 5. Be2 e6 6. O-O Nf6
7. Bg5 Be7 8. Nbd2 Nc6 9. h3 Bh5 10. g4 Bg6 11. a3 O-O 12. Nh4
Nxg4 13. Bxe7 Qxe7 14. Nxg6 fxg6 15. hxg4 Nd4 16. f3 Qh4
17. Rf2 Rf6 18. Rh2 Qg3+ 19. Rg2 Qe5 20. c3 Nxe2+ 21. Rxe2 Qf4
22. Rf2 Raf8 23. Qe2 a6 24. Raf1 h6 25. d4 Re8 26. Qe5 Qxe5
27. dxe5 Rf7 28. Nb3 b6 29. Nd4 Rc7 30. f4 Kh7 0-1

[Event "FIDE Online Olympiad"]
[Site "Chess.com"]
[Date "2020.08.02"]
[EventDate "2020.07.31"]
[Round "7"]
[Result "0-1"]
[White "Lunga Malinga"]
[Black "Hamood Al Busaidi"]
[WhiteElo "1571"]
[BlackElo "1371"]
[PlyCount "78"]

1. e4 c5 2. Nf3 g6 3. d4 cxd4 4. Nxd4 Nc6 5. Be3 Bg7 6. Nc3 d6
7. Qd2 Nf6 8. f3 O-O 9. O-O-O a6 10. h3 Nxd4 11. Bxd4 b5
12. h4 b4 13. Nd5 Nxd5 14. Bxg7 Kxg7 15. Qxd5 Be6 16. Qd4+ f6
17. Bc4 Bxc4 18. Qxc4 a5 19. h5 Rc8 20. Qd3 Qc7 21. hxg6 hxg6
22. Kb1 a4 23. g4 b3 24. cxb3 axb3 25. Qxb3 Rb8 26. Qd5 Qb6
27. b3 Qf2 28. Rdf1 Qe2 29. Qd4 Rfc8 30. Rf2 Qb5 31. Rfh2 Rh8
32. Rxh8 Rxh8 33. Rxh8 Kxh8 34. Qd1 Kg7 35. Kb2 Qe5+ 36. Kb1
Qc3 37. a4 g5 38. Ka2 Qb4 39. Qc2 Qd4 0-1

[Event "FIDE Online Olympiad"]
[Site "Chess.com"]
[Date "2020.08.02"]
[EventDate "2020.07.31"]
[Round "8"]
[Result "0-1"]
[White "Peace Samson"]
[Black "Maya Jalloul"]
[WhiteElo "1828"]
[BlackElo "1876"]
[PlyCount "100"]

1. e4 c5 2. Nf3 d6 3. Bc4 e6 4. Nc3 Nf6 5. d3 Be7 6. h3 Nc6
7. a3 O-O 8. Be3 a6 9. O-O b5 10. Ba2 Bb7 11. Nh2 d5 12. exd5
exd5 13. Bg5 d4 14. Bxf6 Bxf6 15. Nd5 Be5 16. Ng4 Bd6 17. Qf3
Kh8 18. Rfe1 Ne7 19. Ngf6 Ng6 20. Ne4 Be7 21. Nxe7 Qxe7
22. Qh5 Nf4 23. Qf5 Ne6 24. Bxe6 fxe6 25. Qxc5 Qd7 26. Qb6 Qd5
27. Qc5 Qd7 28. Qd6 Qxd6 29. Nxd6 Bd5 30. Ne4 Rac8 31. Rac1 h6
32. Nd6 Rc6 33. Ne4 Rfc8 34. c3 Bxe4 35. Rxe4 dxc3 36. bxc3
Rxc3 37. Rxc3 Rxc3 38. Rxe6 Rxa3 39. Rd6 b4 40. Rb6 a5 41. Rb5
b3 42. Kf1 a4 43. Ke2 Ra2+ 44. Ke3 b2 45. d4 Ra3+ 46. Kd2 Rb3
47. Rxb3 axb3 48. d5 b1=Q 49. d6 Qc2+ 50. Ke3 Qc5+ 0-1

[Event "FIDE Online Olympiad"]
[Site "Chess.com"]
[Date "2020.08.02"]
[EventDate "2020.07.31"]
[Round "9"]
[Result "0-1"]
[White "Joang Molapo"]
[Black "Estube Haileselassie Tadese"]
[WhiteElo "1607"]
[BlackElo "2097"]
[PlyCount "54"]

1. d4 Nf6 2. c4 e6 3. Nf3 d5 4. Nc3 Nbd7 5. Bg5 Be7 6. e3 c6
7. Qc2 O-O 8. Bd3 dxc4 9. Bxc4 Nd5 10. Bxe7 Qxe7 11. O-O Rd8
12. a3 Nxc3 13. bxc3 e5 14. Qe4 Re8 15. Bd3 g6 16. Bc4 Nb6
17. Bb3 exd4 18. Qxe7 Rxe7 19. cxd4 Kg7 20. Ne5 f6 21. Nd3 Bf5
22. Rfd1 Rd8 23. Rac1 g5 24. h3 Bc8 25. a4 a6 26. a5 Nd5
27. Nc5 f5 0-1

[Event "FIDE Online Olympiad"]
[Site "Chess.com"]
[Date "2020.08.02"]
[EventDate "2020.07.31"]
[Round "9"]
[Result "0-1"]
[White "Merhawit Brhane Gebratsadik"]
[Black "Naleli Mcpherson"]
[WhiteElo "1393"]
[BlackElo "1303"]
[PlyCount "30"]

1. d4 c6 2. Nf3 d5 3. Nc3 Bf5 4. h3 Nf6 5. g4 Be4 6. Bg2 Bxf3
7. Bxf3 e6 8. Bg5 Be7 9. Bf4 Nbd7 10. Qd2 Qb6 11. Na4 Qb5
12. b3 c5 13. O-O cxd4 14. Qxd4 O-O 15. e3 Rac8 0-1

[Event "FIDE Online Olympiad"]
[Site "Chess.com"]
[Date "2020.08.02"]
[EventDate "2020.07.31"]
[Round "9"]
[Result "0-1"]
[White "Lebakae Mojakisane"]
[Black "Robel Brhane Abrha"]
[WhiteElo "1160"]
[BlackElo "2006"]
[PlyCount "36"]

1. e4 e6 2. d4 d5 3. e5 c5 4. c3 Nc6 5. Nf3 Qb6 6. a3 Bd7
7. b4 cxd4 8. cxd4 Rc8 9. Bb2 Nge7 10. Bd3 Ng6 11. O-O Be7
12. Nbd2 O-O 13. Rc1 Qd8 14. Nb3 Bg5 15. Nxg5 Qxg5 16. Bxg6
hxg6 17. Nc5 Rc7 18. Qf3 Rfc8 0-1

[Event "FIDE Online Olympiad"]
[Site "Chess.com"]
[Date "2020.08.02"]
[EventDate "2020.07.31"]
[Round "9"]
[Result "0-1"]
[White "Ahmed Taleb Mohamed"]
[Black "Oluwafemi Balogun"]
[WhiteElo "1978"]
[BlackElo "2200"]
[PlyCount "56"]

1. e4 d6 2. d4 Nf6 3. Nc3 g6 4. Bg5 c6 5. Qd2 Nbd7 6. f3 b5
7. a3 Bg7 8. g4 O-O 9. h4 e5 10. h5 Qc7 11. Bh6 exd4 12. Nce2
d5 13. Bxg7 Kxg7 14. hxg6 fxg6 15. Nf4 Qe5 16. O-O-O dxe4
17. Nxg6 hxg6 18. Qh6+ Kf7 19. f4 Qd6 20. Nh3 Nxg4 21. Ng5+
Ke8 22. Qg7 Qxf4+ 23. Kb1 Qxg5 24. Rg1 Qf6 25. Qh7 Rh8
26. Qxh8+ Qxh8 27. Rxg4 Nf6 28. Rxg6 Qh5 0-1

[Event "FIDE Online Olympiad"]
[Site "Chess.com"]
[Date "2020.08.02"]
[EventDate "2020.07.31"]
[Round "9"]
[Result "0-1"]
[White "Denyefa Callistus Eyetonghan"]
[Black "Taleb Mohamed Mohamed Abderrahim"]
[WhiteElo "2034"]
[BlackElo "1811"]
[PlyCount "122"]

1. d4 Nf6 2. c4 e6 3. Nc3 d5 4. cxd5 exd5 5. Bg5 c6 6. Qc2 Bd6
7. e3 Nbd7 8. Bd3 h6 9. Bh4 O-O 10. Nge2 Qc7 11. Bg3 a5
12. Rc1 Bxg3 13. hxg3 Qd6 14. Nf4 Re8 15. Kf1 Nf8 16. Na4 Ne6
17. Nh5 Ng5 18. Nxf6+ Qxf6 19. Rh4 Ne6 20. Nb6 Rb8 21. Qc3 a4
22. Nxa4 b5 23. Nc5 Nxc5 24. Qxc5 g5 25. Rh2 Rxe3 26. Rxh6
Qxh6 27. fxe3 g4 28. Qe7 Be6 29. Re1 Kg7 30. Ke2 Qf6 31. Qd6
Rh8 32. Rf1 Qg5 33. Qxc6 Rh2 34. Rf2 Rh1 35. Qxb5 Qh6 36. Qb8
Qh2 37. Qe5+ Kg8 38. Qg5+ Kf8 39. Qd8+ Kg7 40. Qa5 Qg1 41. Bc2
Rh2 42. Qd8 Rxg2 43. Qf6+ Kg8 44. Rxg2 Qxg2+ 45. Qf2 Qh1
46. Kd2 Qa1 47. Qf4 Qxb2 48. Qg5+ Kf8 49. Qd8+ Kg7 50. Qa5 Qb8
51. a4 Qxg3 52. Bd1 Qf2+ 53. Be2 g3 54. Qc7 g2 55. Qe5+ f6
56. Qc7+ Kg6 57. Qe7 g1=Q 58. Qxe6 Qge1+ 59. Kc2 Qfxe2+
60. Kb3 Qc4+ 61. Kb2 Qec1# 0-1

[Event "FIDE Online Olympiad"]
[Site "Chess.com"]
[Date "2020.08.02"]
[EventDate "2020.07.31"]
[Round "9"]
[Result "0-1"]
[White "Simphiwe Dlamini"]
[Black "Faisal Khairallah"]
[WhiteElo "1554"]
[BlackElo "2226"]
[PlyCount "94"]

1. e4 c5 2. Nf3 Nc6 3. Bc4 e6 4. e5 Nge7 5. c3 d5 6. exd6 Qxd6
7. O-O Nf5 8. Na3 a6 9. Nc2 b5 10. Be2 Bb7 11. Ne3 Nxe3
12. fxe3 Be7 13. d4 Rd8 14. Bd3 e5 15. a4 b4 16. Bc4 O-O
17. cxb4 cxd4 18. b5 Na5 19. b3 Qb6 20. Nxe5 dxe3 21. Qe2 Bf6
22. Bxe3 Qd6 23. Nxf7 Rxf7 24. Rad1 Qe7 25. Rxd8+ Qxd8
26. Bxf7+ Kxf7 27. bxa6 Ba8 28. b4 Nc6 29. Qc4+ Kg6 30. Qg4+
Kf7 31. Rd1 Qb8 32. Qd7+ Kg8 33. b5 Ne5 34. Qa7 Qe8 35. Qc5 h6
36. Bd4 Qg6 37. Qc8+ Kh7 38. Qxa8 Qc2 39. Rf1 Ng4 40. Qf3
Bxd4+ 41. Kh1 Nf2+ 42. Rxf2 Bxf2 43. Qxf2 Qxf2 44. h3 Qb6
45. Kh2 Qa5 46. Kg3 Qxa4 47. b6 Qxa6 0-1

[Event "FIDE Online Olympiad"]
[Site "Chess.com"]
[Date "2020.08.02"]
[EventDate "2020.07.31"]
[Round "9"]
[Result "0-1"]
[White "Lunga Malinga"]
[Black "Jawad Farhat"]
[WhiteElo "1571"]
[BlackElo "1693"]
[PlyCount "107"]

1. e4 e6 2. d4 d5 3. exd5 exd5 4. Nf3 Nf6 5. c3 Bd6 6. h3 O-O
7. Bd3 Re8+ 8. Be3 Bf4 9. Qd2 Qe7 10. O-O Bxe3 11. fxe3 Qxe3+
12. Qxe3 Rxe3 13. Bb5 a6 14. Ba4 b5 15. Bb3 Nbd7 16. Nbd2 Bb7
17. Rfe1 Rae8 18. Kf2 Rxe1 19. Rxe1 Rxe1 20. Kxe1 Kf8 21. Ke2
Ke7 22. Nf1 Ne4 23. Ne3 Nb6 24. Kd3 Nc4 25. Bxc4 dxc4+ 26. Ke2
g6 27. a4 Nf6 28. axb5 axb5 29. g3 Nd7 30. Ng4 f6 31. Ke3 Nb6
32. Nf2 Na4 33. Nd1 c5 34. dxc5 Bxf3 35. Kxf3 Nxc5 36. Ke3 Kd6
37. Kd2 Ne4+ 38. Kc2 Nxg3 39. b3 h5 40. b4 Ke5 41. Kd2 Ne4+
42. Ke3 g5 43. Kf3 f5 44. Kg2 Kf4 45. Kh2 Kf3 46. h4 g4
47. Kg1 Ke2 48. Nb2 Nxc3 49. Kg2 f4 50. Kh2 f3 51. Kg3 f2
52. Kf4 f1=Q+ 53. Kg5 g3 54. Kxh5 0-1

[Event "FIDE Online Olympiad"]
[Site "Chess.com"]
[Date "2020.08.02"]
[EventDate "2020.07.31"]
[Round "9"]
[Result "0-1"]
[White "Nour Assoum"]
[Black "Nolwazi Nkwanyane"]
[WhiteElo "1400"]
[BlackElo "1147"]
[PlyCount "52"]

1. e4 e5 2. d4 exd4 3. Bc4 Be7 4. Nf3 d6 5. Nxd4 Nf6 6. Nc3
O-O 7. O-O c6 8. Re1 Re8 9. Bg5 b5 10. Bd3 h6 11. Bh4 Bg4
12. Qd2 Qb6 13. Nf5 Bxf5 14. exf5 Nbd7 15. Re3 d5 16. Rae1 Ne4
17. Nxe4 Bxh4 18. Ng3 Rxe3 19. Rxe3 Bg5 20. Nf1 Bxe3 21. Nxe3
Re8 22. Ng4 c5 23. c3 c4 24. Bc2 d4 25. cxd4 Qxd4 26. Qf4 Re1#
0-1

[Event "FIDE Online Olympiad"]
[Site "Chess.com"]
[Date "2020.08.02"]
[EventDate "2020.07.31"]
[Round "9"]
[Result "0-1"]
[White "Salim Al Amri Salim Mohammed"]
[Black "Omar Eltigani"]
[WhiteElo "2032"]
[BlackElo "2283"]
[PlyCount "42"]

1. e4 c5 2. Nf3 e6 3. d4 cxd4 4. Nxd4 a6 5. Nc3 Qc7 6. Be3 Nf6
7. Be2 Nc6 8. O-O Be7 9. f4 d6 10. Bf3 Bd7 11. Qd2 Na5 12. b3
Rc8 13. Nce2 e5 14. fxe5 dxe5 15. Nf5 Bxf5 16. exf5 e4 17. Nd4
exf3 18. Bf4 Qc3 19. Qf2 Ng4 20. Ne6 Nxf2 21. Nxg7+ Qxg7 0-1

[Event "FIDE Online Olympiad"]
[Site "Chess.com"]
[Date "2020.08.02"]
[EventDate "2020.07.31"]
[Round "9"]
[Result "0-1"]
[White "Wafia Al Ghafri"]
[Black "Mohammed Ibtihal"]
[WhiteElo "1495"]
[BlackElo "1410"]
[PlyCount "74"]

1. d4 g6 2. c4 Bg7 3. Nc3 d6 4. Nf3 c5 5. dxc5 dxc5 6. Qxd8+
Kxd8 7. Bd2 Nc6 8. e3 Bf5 9. Be2 Nb4 10. O-O Nf6 11. a3 Nc6
12. Rfd1 Ke8 13. Nb5 Rc8 14. Rab1 a6 15. Nc3 e5 16. Nh4 Bxb1
17. Rxb1 Ke7 18. Bf3 Rhd8 19. Nd5+ Nxd5 20. Bxd5 Rd7 21. Bc3
Rcd8 22. e4 Nd4 23. Re1 b5 24. Re3 Bf6 25. Nf3 bxc4 26. Bxc4
Nxf3+ 27. Rxf3 Rd1+ 28. Bf1 c4 29. g4 h6 30. Kg2 h5 31. gxh5
gxh5 32. Bxc4 Rg8+ 33. Kh3 Rd4 34. Bb4+ Ke8 35. Bxa6 Be7
36. Bc3 Rxe4 37. Bb7 Rh4# 0-1

[Event "FIDE Online Olympiad"]
[Site "Chess.com"]
[Date "2020.08.02"]
[EventDate "2020.07.31"]
[Round "9"]
[Result "0-1"]
[White "Hamood Al Busaidi"]
[Black "Abdalla Mansoor Abdalla"]
[WhiteElo "1371"]
[BlackElo "1833"]
[PlyCount "76"]

1. e4 e5 2. Nf3 Nc6 3. c3 Nf6 4. d3 d5 5. exd5 Qxd5 6. c4 Bb4+
7. Bd2 Bxd2+ 8. Qxd2 Qd6 9. Be2 a6 10. O-O Bf5 11. Nc3 Rd8
12. Rad1 Nd4 13. Rfe1 O-O 14. Qg5 h6 15. Qd2 e4 16. Nh4 Bg4
17. h3 Bxe2 18. Nxe2 Nxe2+ 19. Qxe2 exd3 20. Qf3 d2 21. Re2
Rfe8 22. Rdxd2 Qxd2 23. Rxd2 Re1+ 24. Kh2 Rxd2 25. Nf5 Ne4
26. Qg4 Rh1+ 27. Kxh1 Nxf2+ 28. Kh2 Nxg4+ 29. hxg4 Rxb2 30. c5
Rxa2 31. Kh3 Rc2 32. c6 Rxc6 33. Ne7+ Kf8 34. Nxc6 bxc6
35. Kg3 a5 36. Kf3 a4 37. Ke3 a3 38. Kd2 a2 0-1

[Event "FIDE Online Olympiad"]
[Site "Chess.com"]
[Date "2020.08.02"]
[EventDate "2020.07.31"]
[Round "7"]
[Result "0-1"]
[White "Davidson Gabriel"]
[Black "Vanderson Dias"]
[WhiteElo "1915"]
[BlackElo "2178"]
[PlyCount "94"]

1. e4 e6 2. d4 d5 3. Nc3 Bb4 4. e5 c5 5. a3 Bxc3+ 6. bxc3 Qa5
7. Bd2 Qa4 8. Qg4 Kf8 9. Nf3 Qxc2 10. Be2 c4 11. O-O Ne7
12. h4 Nbc6 13. h5 h6 14. Rfc1 Qe4 15. Qxe4 dxe4 16. Nh2 Na5
17. Bd1 Bd7 18. Rab1 b5 19. Ng4 Bc6 20. Ne3 Ke8 21. Rb2 Kd7
22. Rcb1 a6 23. Kf1 Ra7 24. Rb4 Rb7 25. a4 Rhb8 26. axb5 axb5
27. Ra1 Ra8 28. Ke1 Nd5 29. Nxd5 Bxd5 30. g4 Kc6 31. Ke2 Rba7
32. Rb2 Nb3 33. Rxa7 Rxa7 34. Bc2 Ra1 35. Rb1 Ra2 36. Kd1 Nxd2
37. Kxd2 e3+ 38. fxe3 Be4 39. Rc1 Kd5 40. Kd1 Bd3 41. Kd2 Ke4
42. Kd1 Kxe3 43. Bxd3 cxd3 44. Rb1 Rh2 45. Kc1 Rh1+ 46. Kb2
Rxb1+ 47. Kxb1 d2 0-1

[Event "FIDE Online Olympiad"]
[Site "Chess.com"]
[Date "2020.08.02"]
[EventDate "2020.07.31"]
[Round "7"]
[Result "0-1"]
[White "Kimberlie Dunat"]
[Black "Luzia Pires"]
[WhiteElo "1398"]
[BlackElo "1655"]
[PlyCount "88"]

1. e4 c5 2. Nf3 g6 3. Nc3 Bg7 4. Bc4 d6 5. Ng5 e6 6. Nf3 Nf6
7. d4 cxd4 8. Nxd4 O-O 9. O-O a6 10. Nde2 b5 11. Bb3 Bb7
12. Ng3 Qb6 13. Be3 Qc7 14. Qd3 Nbd7 15. Rfd1 Ne8 16. Nce2 Ne5
17. Qc3 Nf3+ 18. gxf3 Bxc3 19. Nxc3 Ng7 20. Bf4 Rfd8 21. Rd2
Ne8 22. Bg5 Rdc8 23. Rad1 Kg7 24. Be3 Qe7 25. Bd4+ e5 26. Be3
Rd8 27. Bb6 Rdc8 28. Nd5 Bxd5 29. Bxd5 Rab8 30. Be3 Rd8 31. f4
exf4 32. Bxf4 Qh4 33. Be3 Nf6 34. Bb3 Ng4 35. Bd4+ Kg8 36. f3
Nxh2 37. Rg2 Nxf3+ 38. Kf2 Nxd4 39. Rxd4 Re8 40. Bd5 Re5
41. Kg1 Rbe8 42. Bc6 Rd8 43. Ne2 Qe1+ 44. Kh2 Rh5# 0-1

[Event "FIDE Online Olympiad"]
[Site "Chess.com"]
[Date "2020.08.02"]
[EventDate "2020.07.31"]
[Round "7"]
[Result "0-1"]
[White "Amaro Lutuima"]
[Black "Angelo Etienne"]
[WhiteElo "2039"]
[BlackElo "1995"]
[PlyCount "112"]

1. e4 d5 2. exd5 c6 3. d6 exd6 4. d4 Nf6 5. Bd3 d5 6. Nf3 Bd6
7. O-O O-O 8. h3 h6 9. c4 Re8 10. Nc3 Be6 11. cxd5 cxd5
12. Qb3 Qd7 13. Nb5 Ne4 14. Nxd6 Nxd6 15. Ne5 Qe7 16. Bd2 Nc6
17. Bc3 Nxe5 18. dxe5 Nc4 19. Rfe1 Rac8 20. Bd4 a6 21. Rad1
Qg5 22. Bb1 b5 23. Qd3 g6 24. Kh1 Rc6 25. Kh2 Bf5 26. Qf3 Be6
27. Re2 Rec8 28. g3 a5 29. Kg2 a4 30. a3 Rb8 31. h4 Qg4
32. Qxg4 Bxg4 33. f3 Be6 34. Bc2 Rbc8 35. Bd3 Rb8 36. Bc2 h5
37. Kf2 Kf8 38. Bc3 Kg7 39. Bd4 Ra6 40. Bc3 Rc8 41. Rd3 Rac6
42. f4 Nxa3 43. Bd1 Nc4 44. Re1 Rb6 45. Bd4 Rbb8 46. b3 axb3
47. Bxb3 Ra8 48. Rdd1 Ra3 49. Bxc4 bxc4 50. Rd2 c3 51. Rc2 Bf5
52. Rcc1 c2 53. e6+ Kf8 54. exf7 Kxf7 55. Re5 Be4 56. Be3 Rcc3
0-1

[Event "FIDE Online Olympiad"]
[Site "Chess.com"]
[Date "2020.08.02"]
[EventDate "2020.07.31"]
[Round "7"]
[Result "0-1"]
[White "Valencia Jean Francois"]
[Black "Jemima Paulo"]
[WhiteElo "1398"]
[BlackElo "1599"]
[PlyCount "62"]

1. e4 c5 2. Nf3 d6 3. Bc4 Nf6 4. d3 g6 5. Nc3 Bg7 6. Bd2 O-O
7. O-O Nc6 8. Bg5 h6 9. Bh4 Bd7 10. Qd2 a5 11. Bxf6 exf6
12. Nb5 Bg4 13. Qf4 Bxf3 14. Qxf3 Ne5 15. Qg3 Nxc4 16. dxc4
Re8 17. Nxd6 Re6 18. Nxb7 Qb6 19. Nxc5 Qxc5 20. Qf3 Qxc4
21. e5 Rb8 22. exf6 Rxf6 23. Qc3 Qxc3 24. bxc3 Rc6 25. Rab1
Rxb1 26. Rxb1 Rxc3 27. Rb2 Ra3 28. Rb8+ Kh7 29. c4 Rxa2 30. h3
Ra1+ 31. Kh2 Be5+ 0-1